Introduction to computational optimization models for production planning in a supply chain

Αποθηκεύτηκε σε:
Λεπτομέρειες βιβλιογραφικής εγγραφής
Κύριος συγγραφέας: Voss, Stefan
Άλλοι συγγραφείς: Woodruff, David L.
Μορφή: Βιβλίο
Γλώσσα:English
Δημοσίευση: Berlin : Springer, c2003
Θέματα:
Ετικέτες: Προσθήκη ετικέτας
Δεν υπάρχουν, Καταχωρήστε ετικέτα πρώτοι!

MARC

LEADER 00000nam a2200000 i 4500
001 1/73182
008 050310s2003 eng d
020 |a 3-540-00023-2 (hbk.) 
035 |l 10077025 
040 |a GR-MY-UA  |b gre  |e aacr 
041 0 |a eng 
082 0 |a 658.5  |2 (21) 
100 1 |a Voss, Stefan. 
245 1 0 |a Introduction to computational optimization models for production planning in a supply chain /  |c Stefan Voss, David L. Woodruff 
260 |a Berlin :   |b Springer,   |c c2003 
300 |a x, 233 σ.;  |b εικ., σχήμ., πίν.;  |c 24 εκ. 
504 |a Περιλαμβάνει βιβλιογραφία και ευρετήριο 
650 0 0 |a Production planning  |x Mathematical models. 
650 0 0 |a Mathematical optimization. 
650 0 0 |a Production management. 
650 0 0 |a Business logistics. 
700 1 |a Woodruff, David L. 
852 |a INST  |b CHIOS  |e 20050310  |h 658.5 VOS  |p 005200022473  |q 005200022473  |t BK  |y 0 
901 |a BIBL2-2005-1 
909 |a Χ  |b 112466 
920 |a ΔΙΕΥΡΥΝΣΗ  |b ΕΠΕΑΕΚ-ΤΜΟΔ  |y ΧΙΟΣ  |z 2004-12 
970 |a ΣΠΕΝΤΖΑ  |b ΕΛΕΝΗ  |z 2005/03/10